000 00331nam a2200133Ia 4500
008 240112s1972 JAN xx 000 0 und d
041 _aeng
082 _a618.05
100 _aFARBER S.J.
245 _aAMERICAN JOU. OF MEDICAL SCIENCE
260 _bCHARLES B. SLACK INS.PUB.
_c1972 JAN
300 _a500,HB
440 _v263
999 _c1142001
_d1142001